Palique / (Record no. 21037)

MARC details
000 -LEADER
campo de control de longitud fija 00672nam a2200193 i 4500
001 - NÚMERO DE CONTROL
campo de control 21037
003 - IDENTIFICADOR DE NÚMERO DE CONTROL
campo de control ES-MaACL
005 - FECHA Y HORA DE LA ÚLTIMA TRANSACCIÓN
campo de control 20230906152416.0
007 - CAMPO FIJO DE DESCRIPCIÓN FÍSICA--INFORMACIÓN GENERAL
campo de control de longitud fija t|
008 - DATOS DE LONGITUD FIJA--INFORMACIÓN GENERAL
campo de control de longitud fija 021120s1893 sp |||| | spa d
100 1# - ENTRADA PRINCIPAL--NOMBRE DE PERSONA
Nombre de persona Alas, Leopoldo
Fechas asociadas al nombre 1852-1901
9 (RLIN) 226375
245 10 - MENCIÓN DEL TÍTULO
Título Palique /
Mención de responsabilidad, etc. por Clarín (Leopoldo Alas).
260 ## - PUBLICACIÓN, DISTRIBUCIÓN, ETC.
Lugar de publicación, distribución, etc. Madrid :
Nombre del editor, distribuidor, etc. Librería de Victoriano Suárez,
Fecha de publicación, distribución, etc. 1893 (
Fabricante Tip. Franco-Española)
300 ## - DESCRIPCIÓN FÍSICA
Extensión XXXI, 342 p. ;
Dimensiones 19 cm.
530 ## - NOTA DISPONIBLE DE FORMULARIO FÍSICO ADICIONAL
Nota de formato físico adicional disponible Disponible en formato digital.
852 ## - LOCALIZACIÓN
Ubicación ES-MaACL
Número de control de estantería B-3141
856 ## - LOCALIZACIÓN Y ACCESO ELECTRÓNICOS
Identificador Uniforme de Recursos <a href="http://bibliotecadigital.jcyl.es/i18n/consulta/registro.cmd?id=14304">http://bibliotecadigital.jcyl.es/i18n/consulta/registro.cmd?id=14304</a>
Nota pública Biblioteca Digital de Castilla y León
Holdings
Estatus retirado Estado de pérdida Estado de daño No para préstamo Colección Biblioteca de origen Biblioteca actual Ubicación en estantería Fecha de adquisición Fuente de adquisición Total de préstamos Signatura topográfica completa Código de barras Visto por última vez Precio de reemplazo Tipo de ítem Koha
        Colección digital Biblioteca del Ateneo de Madrid Biblioteca del Ateneo de Madrid Sala Pardo Bazán 17/01/2008     B-3141 1021609 23/02/2023 23/02/2023 Libro impreso antiguo